Statistiques concernant Gares du Pas de Calais

Cliquez ici pour prendre le quiz!

Statistiques générales

  • Ce quiz a été pris 80 fois
  • Le résultat moyen est 18 sur 79

Statistiques - réponses

Nombre de voyageursGares% Correct
4 060 559Arras
96%
1 495 770Lens
88%
723 716Calais - Fréthun
84%
895 183Calais Ville
82%
784 536Boulogne Ville
80%
286 180Boulogne Tintelleries
78%
1 744 515Béthune
73%
334 757Etaples - Le Touquet
71%
239 500Rang du Fliers - Verton - Berck
67%
865 702Saint Omer
63%
165 659Saint Pol sur Ternoise
57%
47 261Liévin
55%
516 610Hénin Beaumont
41%
49 319Wimille - Wimereux
41%
25 605Les Fontinettes
39%
78 849Avion
35%
51 489Montreuil sur Mer
33%
174 904Bully - Grenay
31%
139 133Marquise - Rinxent
29%
233 256Audruicq
27%
771 411Libercourt
24%
54 288Hesdin
22%
16 330Vimy
22%
166 535Isbergues
20%
210 324Lillers
20%
89 094Noeux les Mines
20%
96 927Watten - Eperlecques
20%
9 826Dannes - Camiers
18%
13 588Maroeuil
18%
92 323Achiet
16%
2 718Farbus
16%
13 253Loos en Gohelle
16%
9 837Neufchâtel Hardelot
16%
4 449Pont d'Ardres
16%
12 786Sallaumines
16%
1 386Mazingarbe
14%
1 461Pihen
14%
74 389Pont à Vendin
14%
27 684Ruminghem
14%
687Bailleul Sir Berthoult
12%
2 191Beau Marais
12%
2 945Caffiers
12%
247 741Dourges
12%
3 036Ham en Artois
12%
93 824Vitry en Artois
12%
221 159Billy Montigny
10%
25 969Hesdigneul
10%
239 341Leforest
10%
2 137Nortkerque
10%
3 210Pont de Briques
10%
21 018Roeux
10%
15 320Tincques
10%
12 147Anvin
8%
23 410Beaurainville
8%
12 855Beuvry
8%
57 790Biache Saint Vaast
8%
81 038Brebières Sud
8%
514Brimeux
8%
4 462Chocques
8%
29 762Corbehem
8%
33 675Coron de Méricourt
8%
1 099Fouquereuil
8%
4 759Le Haut Banc
8%
14 600Loison sous Lens
8%
66 272Meurchin
8%
10 953Pont de Sallaumines
8%
48 982Aubigny en Artois
6%
1 115Boisleux
6%
57 276Calonne Ricouart
6%
94Courcelles le Comte
6%
44 635Cuinchy
6%
6 540Frévin Capelle
6%
571Maresquel
6%
18 796Pernes - Camblain
6%
34 515Vis à Marles
6%
83Aubin Saint Vaast
4%
7 936Auchy les Hesdin
4%
1 407Blangy sur Ternoise
4%
29 081Savy Berlette
4%

Distribution des résultats

Percentile par nombre de réponses

% des personnes avec chaque résultat

Votre développement - résultats

Vous n’avez pas pris ce quiz